000 00393nam a2200157Ia 4500
008 160316s1981 xxu||||| |||| 00| 0 eng d
082 _a320.800000
_bRAO-2
100 _aRao C H Ramakrishna
245 _aThe panchayats
250 _a
260 _aNew Delhi
_bPreeti Publications
_c1981
300 _a100p
_b
_c
365 _bRs.100
650 _a1.Local Government - Panchayat
700 _a
_a
999 _c1891
_d1891